Chansons de Mylène Farmer - Statistiques

Statistiques générales
  • Ce quiz a été pris 425 fois
  • Le résultat moyen est 68 sur 140
Statistiques - réponses
Album Titre % Correct
Cendres de lune 1 Libertine
92%
Ainsi soit je... 6 Ainsi soit je...
91%
L'Autre… 2 Désenchantée
89%
Ainsi soit je... 2 Sans contrefaçon
85%
Innamoramento 7 Innamoramento
83%
Anamorphosée 7 XXL
83%
Anamorphosée 1 California
81%
Ainsi soit je... 4 Pourvu qu'elles soient douces
81%
L'Autre… 3 L'Autre
77%
Cendres de lune 4 Tristana
76%
Monkey Me 3 Monkey Me
75%
Avant que l'ombre... 1 Avant que l'ombre...
74%
Cendres de lune 6 Maman a tort
74%
Bleu noir 1 Oui mais... non
74%
Bleu noir 3 Bleu noir
73%
Point de suture 6 Point de suture
73%
Cendres de lune 10 Cendres de lune
72%
Désobéissance 3 Désobéissance
70%
Interstellaires 1 Interstellaires
70%
Anamorphosée 4 L'Instant X
70%
Anamorphosée 8 Rêver
70%
L'Emprise 4 L'Emprise
69%
Innamoramento 5 Je te rends ton amour
67%
Innamoramento 2 L'Âme-Stram-Gram
66%
Innamoramento 8 Optimistique-moi
66%
Ainsi soit je... 1 L'Horloge
65%
Innamoramento 4 Dessine-moi un mouton
63%
L'Autre… 6 Regrets
63%
Avant que l'ombre... 4 Q.I
62%
Cendres de lune 5 Chloé
61%
Ainsi soit je... 7 Sans logique
61%
Interstellaires 2 Stolen Car
61%
Point de suture 9 C'est dans l'air
60%
Point de suture 1 Dégénération
60%
L'Autre… 4 Je t'aime mélancolie
60%
Avant que l'ombre... 13 Peut-être toi
60%
L'Emprise 7 | 13 Rayon vert
60%
Avant que l'ombre... 2 Fuck Them All
59%
Innamoramento 1 L'Amour naissant
59%
Ainsi soit je... 3 Allan
58%
Point de suture 2 Appelle mon numéro
58%
Cendres de lune 9 Plus grandir
58%
Cendres de lune 3 Vieux bouc
58%
Ainsi soit je... 8 Jardin de Vienne
56%
Anamorphosée 10 Comme j'ai mal
55%
Anamorphosée 3 Mylène s'en fout
55%
Anamorphosée 9 Alice
54%
L'Emprise 2 À tout jamais
54%
Cendres de lune 8 Greta
54%
Bleu noir 6 Lonely Lisa
54%
Ainsi soit je... 9 Déshabillez-moi
53%
Innamoramento 12 Souviens-toi du jour…
53%
Anamorphosée 2 Vertige
53%
L'Autre… 9 Beyond My Control
52%
Avant que l'ombre... 11 L'amour n'est rien...
52%
Innamoramento 6 Méfie-toi
52%
Innamoramento 13 Mylenium
52%
Désobéissance 1 Rolling Stone
52%
L'Emprise 6 Rallumer les étoiles
51%
Point de suture 8 Sextonik
51%
Ainsi soit je... 10 The Farmer's Conclusion
51%
Avant que l'ombre... 3 Dans les rues de Londres
49%
Anamorphosée 11 Tomber 7 fois...
49%
Monkey Me 1 Elle a dit
48%
Innamoramento 3 Pas le temps de vivre
48%
Avant que l'ombre... 5 Redonne-moi
48%
Cendres de lune 7 We'll Never Die
48%
L'Autre… 1 Agnus Dei
47%
Innamoramento 10 Consentement
47%
Anamorphosée 12 Laisse le vent emporter tout
47%
Point de suture 4 Paradis inanimé
47%
Anamorphosée 5 Eaunanisme
46%
Anamorphosée 6 Et tournoie...
46%
Désobéissance 5 Histoires de fesses
46%
Ainsi soit je... 5 La Ronde triste
46%
Monkey Me 2 À l'ombre
45%
Avant que l'ombre... 6 Porno graphique
45%
L'Autre… 5 Psychiatric
45%
Monkey Me 12 Je te dis tout
44%
Bleu noir 9 Leila
44%
Désobéissance 4 N'oublie pas
44%
L'Autre… 10 Nous souviendrons nous
44%
L'Autre… 7 Pas de doute
44%
Avant que l'ombre... 8 Aime
42%
Avant que l'ombre... 10 Ange, parle-moi
42%
L'Emprise 12 Bouteille à la mer
42%
Désobéissance 9 Des larmes
42%
L'Autre… 8 Il n'y a pas d'ailleurs
42%
L'Emprise 3 Que l'aube est belle
42%
Désobéissance 2 Sentimentale
42%
Interstellaires 10 City of Love
41%
Innamoramento 11 Et si vieillir m'était conté
41%
L'Emprise 9 Que je devienne…
41%
Point de suture 10 Si j'avais au moins...
40%
Bleu noir 10 Diabolique mon ange
39%
Bleu noir 11 | 12 Inseparables
39%
L'Emprise 1 | 14 Invisibles
39%
Innamoramento 9 Serais-tu là ?
39%
Monkey Me 11 À force de...
38%
Cendres de lune 2 Au bout de la nuit
38%
Avant que l'ombre... 7 Derrière les fenêtres
38%
Bleu noir 7 M'effondre
37%
Interstellaires 6 Love Song
36%
Point de suture 3 Je m'ennuie
35%
Monkey Me 6 Quand
34%
Désobéissance 8 Au lecteur
33%
Point de suture 7 Réveiller le monde
33%
Interstellaires 11 Un jour ou l'autre
33%
Avant que l'ombre... 14 Et pourtant...
32%
Avant que l'ombre... 12 J'attends
32%
Avant que l'ombre... 9 Tous ces combats
32%
Désobéissance 6 Get Up Girl
31%
Interstellaires 4 C'est pas moi
29%
Monkey Me 5 Love Dance
29%
Monkey Me 10 Nuit d'hiver
29%
Point de suture 5 Looking for My Name
28%
Interstellaires 5 Insondables
27%
Désobéissance 7 Prière
26%
Bleu noir 5 Toi l'amour
26%
Interstellaires 9 Voie lactée
26%
Monkey Me 4 Tu ne le dis pas
25%
Bleu noir 2 Moi je veux...
24%
Désobéissance 12 Retenir l'eau
24%
L'Emprise 5 Do You Know Who I Am
23%
Monkey Me 8 Ici-bas
23%
Interstellaires 8 I Want You to Want Me
23%
Monkey Me 7 J'ai essayé de vivre...
23%
Bleu noir 8 Light me up
23%
L'Emprise 8 Ode à l'apesanteur
23%
L'Emprise 11 D'un autre part
21%
Bleu noir 4 N'aie plus d'amertume
21%
Désobéissance 10 Parler d'avenir
20%
Monkey Me 9 A-t-on jamais
19%
L'Emprise 10 Ne plus renaître
19%
Interstellaires 7 Pas d'access
19%
Interstellaires 3 À rebours
17%
Désobéissance 11 On a besoin d'y croire
17%
Aucun quiz correspondant
Distribution des résultats
% des personnes avec chaque résultat
Percentile par nombre de réponses
Votre historique - résultats
Vous n’avez pas pris ce quiz